000 00712cam a22002414a 4500
001 11937219
005 20180813044237.0
008 000310s2001 maua 001 0 eng
010 _a 00029966
020 _a0201635372
040 _aDLC
_cDLC
_dDLC
041 _aeng
042 _apcc
080 _a332 GIT
082 0 0 _a332 GIT
_221
100 1 _a56
101 _aFIN
245 1 0 _aIntroduction to finance /
_cLawrence J. Gitman, Jeff Madura.
246 3 0 _aFinance
906 _a7
_bcbc
_corignew
_d1
_eocip
_f20
_gy-gencatlg
942 _2ddc
_cBK
999 _c47021
_d47021